<?xml version="1.0" encoding="UTF-8"?>
<record
    xmlns:xsi="http://www.w3.org/2001/XMLSchema-instance"
    xsi:schemaLocation="http://www.loc.gov/MARC21/slim http://www.loc.gov/standards/marcxml/schema/MARC21slim.xsd"
    xmlns="http://www.loc.gov/MARC21/slim">

  <leader>03049nam a2200409 a 4500</leader>
  <controlfield tag="001">000022377</controlfield>
  <controlfield tag="003">DO-SdBPM</controlfield>
  <controlfield tag="005">20250912112925.0</controlfield>
  <controlfield tag="007">ta</controlfield>
  <controlfield tag="008">101006s2006    dr c          000 0 spa d</controlfield>
  <datafield tag="020" ind1=" " ind2=" ">
    <subfield code="a">9945855824</subfield>
  </datafield>
  <datafield tag="040" ind1=" " ind2=" ">
    <subfield code="a">DO-SdBPM</subfield>
    <subfield code="b">spa</subfield>
    <subfield code="c">BPMSU</subfield>
    <subfield code="d">rda</subfield>
    <subfield code="e">rda</subfield>
  </datafield>
  <datafield tag="082" ind1=" " ind2="4">
    <subfield code="a">972.9305</subfield>
    <subfield code="b">W449v, 2006</subfield>
    <subfield code="2">22</subfield>
  </datafield>
  <datafield tag="100" ind1="1" ind2=" ">
    <subfield code="a">Welles, Benjamin Sumner,</subfield>
    <subfield code="d">1892-1961</subfield>
    <subfield code="e">autor </subfield>
  </datafield>
  <datafield tag="240" ind1="1" ind2="0">
    <subfield code="a">Naboths Vineyard: the Dominican Republic 1844-1924</subfield>
    <subfield code="l"> </subfield>
  </datafield>
  <datafield tag="245" ind1="1" ind2="3">
    <subfield code="a">La Vi&#xF1;a de Naboth :</subfield>
    <subfield code="b">La Rep&#xFA;blica Dominicana 1844-1924 /</subfield>
    <subfield code="c">Sumner Welles, traducci&#xF3;n, Manfredo A. Moore ; correcci&#xF3;n, ampliaci&#xF3;n y actualizaci&#xF3;n de la traducci&#xF3;n de Ram&#xF3;n Cedano Melo.</subfield>
  </datafield>
  <datafield tag="250" ind1=" " ind2=" ">
    <subfield code="a">3a. ed.</subfield>
  </datafield>
  <datafield tag="260" ind1=" " ind2=" ">
    <subfield code="a">Santo Domingo :</subfield>
    <subfield code="b">Banreservas:</subfield>
    <subfield code="b">Sociedad Dominicana de Bibli&#xF3;filos,</subfield>
    <subfield code="c">2006.</subfield>
  </datafield>
  <datafield tag="300" ind1=" " ind2=" ">
    <subfield code="a">2 volumenes. :</subfield>
    <subfield code="b">retrato  ;</subfield>
    <subfield code="c">23 cm.</subfield>
  </datafield>
  <datafield tag="336" ind1=" " ind2=" ">
    <subfield code="a">texto</subfield>
    <subfield code="b">txt</subfield>
    <subfield code="2">rdacontent</subfield>
  </datafield>
  <datafield tag="337" ind1=" " ind2=" ">
    <subfield code="a">sin mediaci&#xF3;n</subfield>
    <subfield code="b">n</subfield>
    <subfield code="2">rdamedia</subfield>
  </datafield>
  <datafield tag="338" ind1=" " ind2=" ">
    <subfield code="a">volumen</subfield>
    <subfield code="b">nc</subfield>
    <subfield code="2">rdacarrier</subfield>
  </datafield>
  <datafield tag="490" ind1="0" ind2=" ">
    <subfield code="a">Bibli&#xF3;filos 2000</subfield>
  </datafield>
  <datafield tag="500" ind1=" " ind2=" ">
    <subfield code="a">Incluye &#xED;ndice de nombres.</subfield>
  </datafield>
  <datafield tag="504" ind1=" " ind2=" ">
    <subfield code="a">Incluye referencias bibliogr&#xE1;ficas y notas al pie de las p&#xE1;ginas.</subfield>
  </datafield>
  <datafield tag="505" ind1="0" ind2=" ">
    <subfield code="a">v.1: Presentaci&#xF3;n, por Daniel Toribio 13 -- Introducci&#xF3;n, por Mariano Mella 15 -- Pr&#xF3;logo, por Octavio Amiama de Castro 17 -- Pr&#xF3;logo, por Dr. L. S. Rowe 29 -- Introducci&#xF3;n 31 -- Cap&#xED;tulo I. Los primeros a&#xF1;os de Independencia 71 --Cap&#xED;tulo II. Santana y B&#xE1;ez 127 -- Cap&#xED;tulo III. La Ocupaci&#xF3;n Espa&#xF1;ola 183 -- Cap&#xED;tulo IV. Repercusiones de la insurrecci&#xF3;n 241 -- Cap&#xED;tulo V. Negociaciones para la anexi&#xF3;n a los Estados Unidos 285 -- Cap&#xED;tulo VI. de B&#xE1;ez a Heureaux 321 -- Cap&#xED;tulo VII. La Dictadura de Ulises Heureaux 345 -- &#xCD;ndice de Nombres 383 -- Tomo II. Presentaci&#xF3;n, por Daniel Toribio 13 -- Introducci&#xF3;n, por Mariano Mella 15 -- Cap&#xED;tulo VIII. Dictadura de Ulises Heureaux (continuaci&#xF3;n) 17 -- Cap&#xED;tulo IX. La Reacci&#xF3;n liberal 49 -- Cap&#xED;tulo X. Corolario de Roosevelt a la Doctrina Monroe 89 -- Cap&#xED;tulo XI. Triunfo del gobierno constitucional y retorno a la anarqu&#xED;a 115 -- Cap&#xED;tulo XII. Sombras de intervenci&#xF3;n sobre Santo Domingo 157 -- Cap&#xED;tulo XIII. Intervenci&#xF3;n militar de los Estados Unidos 189 -- Cap&#xED;tulo XIV. Gobierno militar de los Estados Unidos en la Rep&#xFA;blica Dominicana 227 -- Cap&#xED;tulo XV. Aurora de una nueva era 253 -- Cap&#xED;tulo XVI. Conclusiones 297 -- Ap&#xE9;ndices 321 -- Ap&#xE9;ndice I 323 -- Ap&#xE9;ndice II 379 -- Bibliograf&#xED;a -- &#xCD;ndice de nombres 383.</subfield>
  </datafield>
  <datafield tag="534" ind1=" " ind2=" ">
    <subfield code="p">T&#xED;tulo original : </subfield>
    <subfield code="t">Naboths Vineyard: the Dominican Republic 1844-1924</subfield>
  </datafield>
  <datafield tag="590" ind1=" " ind2=" ">
    <subfield code="a">Inventariado, 2025/VM</subfield>
  </datafield>
  <datafield tag="651" ind1=" " ind2="7">
    <subfield code="a">Rep&#xFA;blica Dominicana </subfield>
    <subfield code="x">Historia</subfield>
    <subfield code="y">Ocupaci&#xF3;n norteamericana, 1916-1924 </subfield>
  </datafield>
  <datafield tag="651" ind1=" " ind2="7">
    <subfield code="a">Rep&#xFA;blica Dominicana</subfield>
    <subfield code="x">Relaciones exteriores</subfield>
    <subfield code="z">Estados Unidos</subfield>
  </datafield>
  <datafield tag="651" ind1=" " ind2="4">
    <subfield code="a">Estados Unidos</subfield>
    <subfield code="x">Relaciones exteriores</subfield>
    <subfield code="z">Rep&#xFA;blica Dominicana</subfield>
  </datafield>
  <datafield tag="651" ind1="z" ind2=" ">
    <subfield code="a">Dominican Republic --</subfield>
    <subfield code="x">History --</subfield>
    <subfield code="y">american occupation, 1916-1924</subfield>
  </datafield>
  <datafield tag="700" ind1="1" ind2=" ">
    <subfield code="a">Moore, Manfredo A.,</subfield>
    <subfield code="e">traductor </subfield>
  </datafield>
  <datafield tag="700" ind1="1" ind2=" ">
    <subfield code="a">Cedano Melo, Ram&#xF3;n,</subfield>
    <subfield code="e">traductor </subfield>
  </datafield>
  <datafield tag="910" ind1=" " ind2=" ">
    <subfield code="a">VMateo V. Control de calidad BPMSU </subfield>
  </datafield>
  <datafield tag="942" ind1=" " ind2=" ">
    <subfield code="2">ddc</subfield>
    <subfield code="c">BK</subfield>
  </datafield>
  <datafield tag="952" ind1=" " ind2=" ">
    <subfield code="0">0</subfield>
    <subfield code="1">0</subfield>
    <subfield code="2">ddc</subfield>
    <subfield code="4">0</subfield>
    <subfield code="7">0</subfield>
    <subfield code="8">CD</subfield>
    <subfield code="a">BPMET</subfield>
    <subfield code="b">BPMET</subfield>
    <subfield code="d">2025-09-12</subfield>
    <subfield code="l">0</subfield>
    <subfield code="o">BPMSU CD 972.9305 W449v, 2006</subfield>
    <subfield code="p">BPMSU25090047</subfield>
    <subfield code="r">2025-09-12</subfield>
    <subfield code="t">v.1</subfield>
    <subfield code="w">2025-09-12</subfield>
    <subfield code="y">BK</subfield>
  </datafield>
  <datafield tag="999" ind1=" " ind2=" ">
    <subfield code="c">15387</subfield>
    <subfield code="d">15387</subfield>
  </datafield>
</record>
